Vamos a la feria!
Internalizácia ekonómie poskytuje na výstavách, mimo kontraktov, obchodnú integráciu, hlavne svojou obrovskou informačnou schopnosťou. Informácia o druhoch výstav. Návod, ako sa zúčastniť s úspechom. Zoznam výstav podľa druhu produktov v r. 1993 v hlavných svetových centrách.
Guardado en:
| Formato: | Capítulo de libro |
|---|---|
| Lenguaje: | español |
| Materias: | |
| Etiquetas: |
Sin Etiquetas, Sea el primero en etiquetar este registro!
|
MARC
| LEADER | 00000naa a2200000 4500 | ||
|---|---|---|---|
| 001 | r013406 | ||
| 005 | 20221205075608.0 | ||
| 041 | 0 | |a spa | |
| 044 | |a MX | ||
| 245 | 1 | 0 | |a Vamos a la feria! |
| 520 | |a Internalizácia ekonómie poskytuje na výstavách, mimo kontraktov, obchodnú integráciu, hlavne svojou obrovskou informačnou schopnosťou. Informácia o druhoch výstav. Návod, ako sa zúčastniť s úspechom. Zoznam výstav podľa druhu produktov v r. 1993 v hlavných svetových centrách. | ||
| 610 | 2 | 0 | |a veľtrhy |
| 610 | 2 | 0 | |a výstavy |
| 610 | 2 | 0 | |a svet |
| 610 | 2 | 0 | |a 1993 |